1242 1944 1855 1788 1133 1809 1443 1118 1126 1547 1475 1774 1639 1421 1385 1419 1094 1475 1033 1321 1415 1258 1837 1746 1030 1196 1464 1883 1535 1824 1029 1547 1604 1072 1285 1806 1523 1559 1440 1324 1597 1976 1492 1164 1161 1946 1229 1315 1515 1472 1782 1501 1341 1665 1364 1252 1510 1022 1086 1027 1174 1440 1467 1237 1143 1783 1987 1229 1343 1109 1884 1669 1590 1395 1879 1926 1397 1456 1120 1845 1402 1188 1911 1717 1313 1962 1187 1590 1323 1455 1408 1254 1746 1669 1404 1130 1141 1195 1738 BCNSPRNW ULIB Ver.6.0+V

เปลี่ยนเป็นภาษาไทย

Change to English
 แสดงรายละเอียดบรรณานุกรม
  กลับหน้าหลัก

Brief Record : Get Marc (ISO 2709) : E-mail record : QR code < ปิดหน้าต่าง
LEADER : 00000nam 2200000uu 4500
001    13399121746
003     ULIB
008    121204s2549||||th 000 0 tha d
060 04 ^aWC515^bท184น
245 00 ^aแนวทางเวชปฏิบัติการวินิจฉัยและการดูแลรักษาผู้ป่วยไข้หวัดนก/ไข้หวัดใหญ่ =^bClinical practice guideline for human avian influenza (H5N1) /^cบรรณาธิการ, ทวี โชติพิทยสุนนท์, นฤมล สวรรค์ปัญญาเลิศ
246 31 ^aClinical practice guideline for human avian influenza(H5N1)
250    ^aพิมพ์ครั้งที่ 1
260    ^a[นนทบุรี] :^bกรมการแพทย์ กระทรวงสาธารณสุข,^c2549
300    ^a22 หน้า ;^c30 ซม.
650  7 ^aไข้หวัดนก^xการรักษา
650  7 ^aไข้หวัดใหญ่^xการรักษา
650  7 ^aไข้หวัดนก^xการวินิจฉัย
650  7 ^aไข้หวัดใหญ่^xการวินิจฉัย
700 0  ^aทวี โชติพิทยสุนนท์,^eบรรณาธิการ
700 0  ^aนฤมล สวรรค์ปัญญาเลิศ,^eบรรณาธิการ
710 2  ^aกรมการแพทย์. ^bคณะทำงานด้านการรักษาพยาบาล
710 2  ^aกรมการแพทย์. ^bสำนักพัฒนาวิชาการแพทย์
945    ^p0^l0^i24225
945    ^p0^l0^i24226
995    ^aทศพร
999    ^aทศพร
รายการนี้ยังไม่มีแท็ก
คุณยังไม่ได้ล็อกอิน คุณสามารถมีกิจกรรมร่วมกับเว็บไซต์ได้ แต่ต้องล็อกอินก่อน ::
  ล็อกอิน

รายการสื่อสารสนเทศ

ลำดับที่ ประเภท เลขเรียก/บาร์โค้ด สถานที่ สถานะ
1. วิทยาศาสตร์การแพทย์ และสุขภาพ
วิทยาศาสตร์การแพทย์ และสุขภาพ
WC515 ท184น ฉ.1 
  Barcode: 24225
ห้องสมุดวิทยาเขตสวรรค์ประชารักษ์
►หนังสือทั่วไป
ถูกยืม กำหนดส่งวันที่ 15 พฤษภาคม 2558
  จอง
2. วิทยาศาสตร์การแพทย์ และสุขภาพ
วิทยาศาสตร์การแพทย์ และสุขภาพ
WC515 ท184น ฉ.2 
  Barcode: 24226
ห้องสมุดวิทยาเขตสวรรค์ประชารักษ์
►หนังสือทั่วไป
ถูกยืม กำหนดส่งวันที่ 15 พฤษภาคม 2558
  จอง

BibComment


ยังไม่เคยถูกคอมเมนท์

คอมเมนท์ทรัพยากรรายการนี้
  คอมเมนท์: แนวทางเวชปฏิบัติ..


 Copyright 2026. Bcnsprnw @Library